000 00448nam a2200169Ia 4500
008 240729s9999 xx 000 0 und d
022 _a2689-7733
245 0 _aPeerJ Physical Chemistry
260 _aUnited States
260 _bPeerJ Inc.
650 _a Chemistry
650 _a Physical and theoretical chemistry
650 _aScience
856 _uhttps://doaj.org/toc/dad4b9e7c98d4afea5b151ef604072f8
942 _2ddc
942 _cDOAJEJ
999 _c65594
_d65594
945 _a1
_bMadushi Gamage
_c1
_dMadushi Gamage